000 00695cam a22002413a 4500
001 12142
003 PGUSA
005 20140828083245.0
008 040401s2004||||xxu|||||s|||||000 | eng d
040 _aPGUSA
_beng
042 _adc
050 4 _aPR
100 1 _aTraill, H. D.
_q(Henry Duff),
_d1842-1900
245 1 0 _aSterne
_h[electronic resource] /
_cH. D. Traill
260 _bProject Gutenberg,
_c2004
506 _aPublic domain in the USA.
516 _aElectronic text
653 _aNovelists, English -- 18th century -- Biography
653 _aSterne, Laurence, 1713-1768
830 0 _aProject Gutenberg
_v12142
856 4 0 _uhttp://www.gutenberg.org/ebooks/12142
942 _cEB
999 _c241397
_d241397